[Event "Antofagasta Zicosur op 1st"]
[Site "Antofagasta"]
[Date "2015.01.11"]
[Round "10"]
[White "Nunez Donaire, Elias Rodrigo"]
[Black "Palma Neira, Eliseo Maximiliano"]
[Result "0-1"]
[WhiteElo "1737"]
[BlackElo "2003"]
[PlyCount "44"]
[EventDate "2015.01.05"]
[EventType "swiss"]
[EventRounds "10"]
[EventCountry "CHI"]
[SourceTitle "CBM 164 Extra"]
[Source "ChessBase"]
[SourceDate "2015.03.02"]
[SourceVersion "1"]
[SourceVersionDate "2015.03.02"]
[SourceQuality "1"]

1. e4 e5 2. Nf3 Nc6 3. d4 exd4 4. Bc4 Nf6 5. e5 d5 6. Bb5 Ne4 7. Nxd4 Bc5 8. 0-0 Bd7 9. Bxc6 bxc6 10. Be3 Bb6 11. f3 Ng5 12. Bf2 0-0 13. Nd2 c5 14. N4b3 Ne6 15. c3 Qg5 16. Bg3 c4+ 17. Nd4 Nxd4 18. cxd4 Bxd4+ 19. Kh1 Bxb2 20. Rb1 c3 21. Nb3 Bf5 22. Nc5 c2 0-1

[Event "Antofagasta Zicosur op 1st"]
[Site "Antofagasta"]
[Date "2015.01.09"]
[Round "7"]
[White "Borgeaud Fuentes, Oscar"]
[Black "Nunez Donaire, Elias Rodrigo"]
[Result "1/2-1/2"]
[WhiteElo "1897"]
[BlackElo "1737"]
[PlyCount "134"]
[EventDate "2015.01.05"]
[EventType "swiss"]
[EventRounds "10"]
[EventCountry "CHI"]
[SourceTitle "CBM 164 Extra"]
[Source "ChessBase"]
[SourceDate "2015.03.02"]
[SourceVersion "1"]
[SourceVersionDate "2015.03.02"]
[SourceQuality "1"]

1. d4 f5 2. e4 fxe4 3. Nc3 Nf6 4. Bg5 d6 5. f3 e3 6. Bd3 Nc6 7. Nge2 e5 8. Bc4 Be7 9. a3 Bf5 10. b4 h6 11. Bxe3 Qd7 12. 0-0 exd4 13. Nxd4 Nxd4 14. Bxd4 d5 15. Bxf6 Bxf6 16. Qe1+ Be6 17. Nxd5 Bxa1 18. Nxc7+ Qxc7 19. Qxe6+ Qe7 20. Qg6+ Kf8 21. Rxa1 Qf6 22. Qxf6+ gxf6 23. Rd1 Ke7 24. Re1+ Kd7 25. Kf2 Rhf8 26. Bb5+ Kd6 27. Rd1+ Kc7 28. Rd7+ Kb6 29. Bd3 Rad8 30. Re7 Rde8 31. Re4 Rxe4 32. fxe4 Kc6 33. Kf3 Kd6 34. Kf4 Rg8 35. g4 b6 36. h3 Rg5 37. h4 Re5 38. c4 a5 39. Bc2 axb4 40. axb4 Kc7 41. Ba4 Kd6 42. Bb5 Kc7 43. Ba4 Kd6 44. Bd1 Kc7 45. Be2 Kd6 46. Ke3 Kc7 47. Bd1 Kd6 48. Kd4 Re7 49. c5+ bxc5+ 50. bxc5+ Kc6 51. Ba4+ Kc7 52. Bb3 Rg7 53. Be6 Re7 54. Kd5 Re8 55. c6 Re7 56. e5 fxe5 57. Kxe5 Kxc6 58. Kf6 Kd6 59. Bf5 Re1 60. Kg6 Rh1 61. h5 Ke5 62. Kxh6 Kf6 63. Bg6 Rg1 64. Bf5 Rh1 65. Kh7 Kg5 66. Kg7 Rxh5 67. gxh5 Kxh5 1/2-1/2

[Event "Antofagasta Zicosur op 1st"]
[Site "Antofagasta"]
[Date "2015.01.07"]
[Round "4"]
[White "Nunez Donaire, Elias Rodrigo"]
[Black "Sanchez Sandoval, Gonzalo"]
[Result "0-1"]
[WhiteElo "1737"]
[BlackElo "2155"]
[PlyCount "56"]
[EventDate "2015.01.05"]
[EventType "swiss"]
[EventRounds "10"]
[EventCountry "CHI"]
[SourceTitle "CBM 164 Extra"]
[Source "ChessBase"]
[SourceDate "2015.03.02"]
[SourceVersion "1"]
[SourceVersionDate "2015.03.02"]
[SourceQuality "1"]

1. e4 c5 2. d4 cxd4 3. c3 d3 4. Bxd3 Nc6 5. c4 d6 6. Nc3 g6 7. b3 Bg7 8. Bb2 Nf6 9. Nge2 0-0 10. Nd5 Ne5 11. Bc3 Nxd5 12. exd5 e6 13. Bc2 exd5 14. Qxd5 Bg4 15. f3 Qh4+ 16. g3 Nxf3+ 17. Kf2 Qe7 18. Bxg7 Rfe8 19. Nf4 Kxg7 20. h3 Qe3+ 21. Kg2 Nh4+ 22. gxh4 Qxf4 23. Rae1 Bd7 24. Qxb7 Qd2+ 25. Kg3 Qc3+ 26. Kf4 Qxc2 27. Rxe8 Qf5+ 28. Kg3 Rxe8 0-1

[Event "Antofagasta Final Mayor"]
[Site "Antofagasta"]
[Date "2013.12.16"]
[Round "4"]
[White "Nunez Donaire, Elias Rodrigo"]
[Black "Castaneda Martinez, Ruben Granar"]
[Result "0-1"]
[WhiteElo "1729"]
[BlackElo "1854"]
[PlyCount "156"]
[EventDate "2013.12.12"]
[EventType "tourn"]
[EventRounds "7"]
[EventCountry "CHI"]
[SourceTitle "EXT 2024"]
[Source "ChessBase"]
[SourceDate "2023.10.10"]
[SourceVersion "1"]
[SourceVersionDate "2023.10.10"]
[SourceQuality "1"]

1. e4 e6 2. d4 d5 3. Nc3 Bb4 4. exd5 exd5 5. Qf3 Be6 6. Bd3 Nc6 7. Nge2 Qd7 8. 0-0 h6 9. Bf4 Bxc3 10. bxc3 Nge7 11. Qg3 0-0-0 12. Qxg7 Nf5 13. Qf6 Rhg8 14. Bb5 Rg6 15. Bxc6 Qxc6 16. Qe5 f6 17. Qxc7+ Qxc7 18. Bxc7 Kxc7 19. Nf4 Bf7 20. Nxg6 Bxg6 21. Rfe1 Re8 22. Rxe8 Bxe8 23. Re1 Kd7 24. g3 Nd6 25. Kg2 Bg6 26. Re2 Nb5 27. Re3 Bxc2 28. Kf3 a5 29. Kg4 Bg6 30. Rf3 Ke7 31. Re3+ Kf7 32. Kf3 a4 33. Ke2 Na3 34. Kd1 Nc4 35. Re1 Bb1 36. Re2 a3 37. Kc1 Bd3 38. Re1 Nb2 39. Kd2 Bc4 40. Kc2 Nd3 41. Rb1 b5 42. f3 Ke6 43. Rd1 Nb2 44. Re1+ Kd7 45. Rc1 Be2 46. Re1 Bxf3 47. Rf1 Be4+ 48. Kd2 f5 49. Rf4 Nc4+ 50. Kc1 Nd6 51. Rh4 Nf7 52. Rf4 Ke6 53. h4 Kf6 54. g4 Nd6 55. Rf2 Kg6 56. gxf5+ Nxf5 57. Kd2 Kh5 58. Rf4 Nxh4 59. Rf6 Kg5 60. Rb6 Ng6 61. Rxb5 h5 62. c4 Ne7 63. cxd5 Bxd5 64. Ra5 Kf4 65. Rxa3 h4 66. Ra7 Nf5 67. a4 h3 68. Rh7 Kg4 69. Kd3 Nh4 70. Rg7+ Kf4 71. Rg1 h2 72. Rh1 Nf3 73. Rf1 Kg4 74. Ke3 Ng1 75. Kf2 Nh3+ 76. Ke3 Kg3 77. Kd2 Ng1 78. Ke3 h1Q 0-1